000 00703nam a2200217Ia 4500
001 6998
003 GE_BSU
008 181216s||||||||xx |||||||||||||| ||und||
040 _cGE_BSU
080 _a621.83(035.3)
100 _aАртоболевский,И.И.
245 _aМеханизмы в современной технике в 7 томах. Т.4:Зубчатые механизмы.
245 _bСправочнае пособие.
245 _cРед. Б.Н.Скляднев.
260 _aМ.
260 _bНаука.
260 _c1980.
300 _a592стр. с илл.
653 _aМеханизмы в современной технике в 7 томах.
942 _cBK
999 _c40390
_d40390